[Event "2010 US Am West"]
[Site "?"]
[Date "2010.05.31"]
[Round "5.13"]
[White "Nguyen, Kendrick"]
[Black "Wright, John"]
[Result "0-1"]
[WhiteElo "1602"]
[BlackElo "1810"]
[PlyCount "104"]
[EventDate "2010.05.29"]
[SourceDate "2010.05.29"]

1. Nf3 d5 2. b3 c5 3. e3 Nc6 4. Bb5 Bg4 5. Bb2 e6 6. Bxc6+ bxc6 7. d3 Nf6 8.
Nbd2 Bd6 9. h3 Bh5 10. g4 Bg6 11. Ne5 O-O 12. f4 Bxe5 13. Bxe5 Nd7 14. Bb2 Qh4+
15. Ke2 d4 16. Nf3 Qf6 17. Qg1 Be4 18. Qg3 Bxf3+ 19. Qxf3 e5 20. f5 e4 21. Qf4
Rfe8 22. g5 exd3+ 23. cxd3 Qd8 24. e4 Ne5 25. h4 Rb8 26. h5 c4 27. Rad1 Nxd3
28. Rxd3 cxd3+ 29. Kxd3 c5 30. g6 fxg6 31. fxg6 h6 32. Qc1 Qd6 33. Qc4+ Kh8 34.
Qc1 c4+ 35. Kd2 cxb3 36. Kd1 Rbc8 37. Qd2 Rc2 38. Qxd4 Qxd4+ 39. Bxd4 Rd8 40.
axb3 Rg2 41. Rh3 Kg8 42. Rh4 Rxd4+ 43. Kc1 Re2 44. Rh3 Rdxe4 45. Rd3 Kf8 46.
Rd7 Rg2 47. Rd1 Ree2 48. Kb1 Rb2+ 49. Ka1 Ra2+ 50. Kb1 Rgb2+ 51. Kc1 Ra1+ 52.
Kxb2 Rxd1 0-1

[Event "2010 US Am West"]
[Site "?"]
[Date "2010.05.31"]
[Round "5.3"]
[White "Motta, Paul"]
[Black "Nguyen, Vincent"]
[Result "1-0"]
[WhiteElo "1909"]
[BlackElo "1863"]
[PlyCount "75"]
[EventDate "2010.05.29"]
[SourceDate "2010.05.29"]

1. d4 Nf6 2. Nc3 d5 3. e4 dxe4 4. f3 e3 5. Bxe3 g6 6. Bc4 Bg7 7. Qd2 O-O 8.
O-O-O c6 9. Nge2 Nd5 10. Bh6 Be6 11. Bxd5 Bxd5 12. h4 Nd7 13. h5 Nf6 14. hxg6
fxg6 15. Bxg7 Kxg7 16. Qh6+ Kf7 17. Ne4 Rh8 18. Ng5+ Kg8 19. Nf4 Bf7 20. Nge6
Bxe6 21. Nxe6 Kf7 22. Nxd8+ Raxd8 23. Qf4 Rd7 24. g4 Kg7 25. Qe5 Kf7 26. c4
Rhd8 27. f4 Kg8 28. g5 Nh5 29. f5 Ng7 30. f6 exf6 31. gxf6 Re8 32. Qf4 Nf5 33.
Rhe1 Rf8 34. d5 Rxf6 35. dxc6 Rxd1+ 36. Rxd1 Rxc6 37. Qb8+ Kg7 38. Qxb7+ 1-0

[Event "2010 US Am West"]
[Site "?"]
[Date "2010.05.31"]
[Round "5.17"]
[White "Wang, David"]
[Black "LaFornara, Joe"]
[Result "1/2-1/2"]
[WhiteElo "1476"]
[BlackElo "1842"]
[PlyCount "86"]
[EventDate "2010.05.29"]
[SourceDate "2010.05.29"]

1. d4 f5 2. c4 Nf6 3. Nc3 g6 4. Bg5 Bg7 5. f3 O-O 6. e4 fxe4 7. fxe4 d6 8. Nf3
Bg4 9. Be2 Bxf3 10. gxf3 c6 11. Qd2 e5 12. d5 c5 13. O-O-O Qa5 14. Rdg1 Nh5 15.
Bh6 Nf4 16. Bxg7 Kxg7 17. h4 h6 18. Kb1 Nd7 19. Bf1 a6 20. Bh3 Nb6 21. Qc2 Nxc4
22. Bf5 Rf6 23. Ne2 Ne3 24. Qb3 Qb5 25. Nxf4 exf4 26. Qc3 Nxf5 27. exf5 Kf7 28.
Rxg6 Rxg6 29. fxg6+ Kg8 30. Qf6 Qd3+ 31. Ka1 Qxd5 32. Qxf4 Kg7 33. Qg4 Qc6 34.
a3 Rg8 35. Rg1 Re8 36. f4 d5 37. f5 Qf6 38. Qf3 Re5 39. Rf1 Qxh4 40. f6+ Kf8
41. f7 Qg5 42. Qc3 b6 43. Qd3 b5 1/2-1/2

[Event "2010 US Am West"]
[Site "?"]
[Date "2010.05.31"]
[Round "5.6"]
[White "Thakur, Ashu"]
[Black "Boteo, Trujillo"]
[Result "1-0"]
[WhiteElo "1997"]
[BlackElo "1765"]
[PlyCount "57"]
[EventDate "2010.05.29"]
[SourceDate "2010.05.29"]

1. Nf3 Nf6 2. d4 d5 3. c4 e6 4. g3 Bd6 5. c5 Be7 6. b4 c6 7. a3 Nbd7 8. Nc3 O-O
9. Qc2 Ng4 10. h3 Ngf6 11. g4 a5 12. b5 cxb5 13. e3 Ne8 14. Nxb5 f5 15. Bd2
Ndf6 16. g5 Ne4 17. h4 Bd7 18. Ne5 Rc8 19. f3 Bxb5 20. Bxb5 N8d6 21. Bd7 Rc7
22. Bxe6+ Kh8 23. fxe4 Nxe4 24. Nf7+ Rxf7 25. Bxf7 b6 26. Qa4 Rc8 27. Qe8+ Qxe8
28. Bxe8 Rxe8 29. cxb6 {The score is inaccurate at this point, but White went
on to win in just a few more moves.} 1-0

[Event "2010 US Am West"]
[Site "?"]
[Date "2010.05.31"]
[Round "5.15"]
[White "Ostapuk, Steve"]
[Black "Boother, Jonathan"]
[Result "1-0"]
[WhiteElo "1594"]
[BlackElo "1730"]
[PlyCount "81"]
[EventDate "2010.05.29"]
[SourceDate "2010.05.29"]

1. d4 Nf6 2. Bf4 g6 3. Nf3 Bg7 4. e3 d6 5. Be2 O-O 6. O-O Nbd7 7. Nbd2 Re8 8.
Nc4 c5 9. c3 b5 10. Ncd2 a6 11. h3 Bb7 12. Re1 Rc8 13. Nb3 c4 14. Nbd2 Nd5 15.
Bg3 N5b6 16. e4 d5 17. e5 e6 18. Bh4 f6 19. exf6 Bxf6 20. Bxf6 Qxf6 21. h4 Rf8
22. Nf1 Rce8 23. Ne3 h5 24. Rf1 e5 25. Ng5 exd4 26. cxd4 Na4 27. Qc2 Qg7 28.
Bf3 Nf6 29. b3 Nb6 30. bxc4 Nxc4 31. Nxc4 bxc4 32. Rab1 Ne4 33. Bxe4 dxe4 34.
Qxc4+ Kh8 35. d5 Qd7 36. Qc3+ Kg8 37. Rb6 Re7 38. Rxg6+ Rg7 39. Rxg7+ Qxg7 40.
Qxg7+ Kxg7 41. Ne6+ 1-0

[Event "2010 US Am West"]
[Site "?"]
[Date "2010.05.31"]
[Round "5.22"]
[White "Meador, Marshal"]
[Black "Crenshaw, Russ"]
[Result "0-1"]
[WhiteElo "1520"]
[BlackElo "1574"]
[PlyCount "80"]
[EventDate "2010.05.29"]
[SourceDate "2010.05.29"]

1. e4 d6 2. d4 Nf6 3. Nc3 g6 4. Bf4 Bg7 5. Nf3 O-O 6. Qd2 c6 7. Bh6 b5 8. a3 a5
9. Bxg7 Kxg7 10. Be2 Bb7 11. Bd3 Nbd7 12. e5 dxe5 13. dxe5 Nd5 14. Nxd5 cxd5
15. Bxb5 Qc7 16. Qd4 e6 17. c4 Rfd8 18. Bxd7 Qxd7 19. c5 Qb5 20. Nd2 Rdc8 21.
Rc1 Ba6 22. Kd1 Qe2+ 23. Kc2 Bd3+ 24. Kc3 Ba6 25. Rhe1 Rxc5+ 26. Kb3 Qb5+ 27.
Ka2 Rac8 28. Nb3 Rxc1 29. Nxc1 Qc4+ 30. Qxc4 Rxc4 31. Nb3 a4 32. Na1 Rd4 33. b4
Rd2+ 34. Kb1 Bd3+ 35. Nc2 Rxc2 36. Rd1 Rc3+ 37. Kb2 Rb3+ 38. Ka2 Bc4 39. Rc1
Rxb4+ 40. Rxc4 Rxc4 0-1

[Event "2010 US Am West"]
[Site "?"]
[Date "2010.05.31"]
[Round "5.7"]
[White "Orlowski, Jesse"]
[Black "Cotter, Sam"]
[Result "1/2-1/2"]
[WhiteElo "1994"]
[BlackElo "1822"]
[PlyCount "34"]
[EventDate "2010.05.29"]
[SourceDate "2010.05.29"]

1. e4 d5 2. exd5 Nf6 3. d4 Bg4 4. Nf3 Nxd5 5. c3 c6 6. Bd3 g6 7. O-O Bg7 8. h3
Bxf3 9. Qxf3 O-O 10. Re1 Nd7 11. Bg5 Qb6 12. Re2 e5 13. dxe5 Nxe5 14. Qg3 h6
15. Bc1 Nxd3 16. Qxd3 Rad8 17. Qc2 Rd7 1/2-1/2

[Event "2010 US Am West"]
[Site "?"]
[Date "2010.05.31"]
[Round "5.21"]
[White "Kestler, Ed"]
[Black "Kurfman, David"]
[Result "0-1"]
[WhiteElo "1542"]
[BlackElo "1665"]
[Annotator "Farmer,Steve"]
[PlyCount "30"]
[EventDate "2010.05.29"]
[SourceDate "2010.05.29"]

1. e4 e5 2. Nf3 Nc6 3. Bb5 Nf6 4. O-O a6 5. Ba4 Be7 6. Re1 b5 7. Bb3 O-O 8. c3
d5 9. exd5 Nxd5 10. Nxe5 Nxe5 11. Rxe5 Nf6 12. d4 Bd6 13. Re1 Ng4 14. g3 Qf6
15. Nd2 $4 Qxf2+ 0-1

[Event "2010 US Am West"]
[Site "?"]
[Date "2010.05.31"]
[Round "5.31"]
[White "Ward, Matthew"]
[Black "Matine, Thomas"]
[Result "1/2-1/2"]
[WhiteElo "1461"]
[BlackElo "1541"]
[Annotator "Farmer,Steve"]
[PlyCount "48"]
[EventDate "2010.05.29"]
[SourceDate "2010.05.29"]

1. e4 e6 2. d4 d5 3. Nc3 Bb4 4. e5 Ne7 5. Bd2 c5 6. Nb5 O-O 7. Bxb4 cxb4 8. Nd6
Nbc6 9. f4 Ng6 10. g3 a6 11. Nf3 Qb6 12. Qd2 Bd7 13. h4 f6 14. h5 Nge7 15. h6
g6 16. Be2 fxe5 17. dxe5 Nc8 18. Nxc8 Raxc8 19. O-O-O Na5 20. b3 Rc3 21. Rhf1
Rfc8 22. Ne1 Qd8 23. Bd3 Qe7 24. Rf3 Nc6 {
Score inaccurate, a draw was agreed at move 44.} 1/2-1/2

[Event "2010 US Am West"]
[Site "?"]
[Date "2010.05.31"]
[Round "5.34"]
[White "Mathews, Nikola"]
[Black "Pensky, Alek"]
[Result "0-1"]
[WhiteElo "1486"]
[BlackElo "1320"]
[PlyCount "56"]
[EventDate "2010.05.29"]
[SourceDate "2010.05.29"]

1. d4 d5 2. Nf3 Nf6 3. Bf4 Bf5 4. e3 h6 5. h3 e6 6. c4 c6 7. Qb3 Qc8 8. Nc3 Be7
9. Qd1 O-O 10. Bd3 Bxd3 11. Qxd3 Bd8 12. O-O Bc7 13. Bxc7 Qxc7 14. c5 Nbd7 15.
b4 Rfe8 16. b5 e5 17. Qc2 e4 18. Nd2 Nf8 19. Rab1 Ne6 20. bxc6 bxc6 21. Qa4 Ng5
22. Nb3 Qc8 23. Na5 Nf3+ 24. gxf3 Qxh3 25. Ne2 exf3 26. Nf4 Qg4+ 27. Kh2 Qh4+
28. Kg1 Ng4 0-1

[Event "2010 US Am West"]
[Site "?"]
[Date "2010.05.31"]
[Round "5.25"]
[White "Tan, Raymond"]
[Black "Semmens, Jeff"]
[Result "1/2-1/2"]
[WhiteElo "1500"]
[BlackElo "1590"]
[PlyCount "92"]
[EventDate "2010.05.29"]
[SourceDate "2010.05.29"]

1. d4 c6 2. Nf3 Nf6 3. e3 d5 4. c4 Bg4 5. Qb3 Qc8 6. Ne5 Bf5 7. Nc3 e6 8. cxd5
exd5 9. Bd2 Be7 10. Rc1 Nbd7 11. f4 O-O 12. Be2 Nb6 13. a4 Ne4 14. a5 Nxc3 15.
bxc3 Nd7 16. O-O Rb8 17. c4 Nf6 18. cxd5 Nxd5 19. Bc4 Qd8 20. g4 Be4 21. Bd3
Bxd3 22. Qxd3 Nb4 23. Qb3 c5 24. dxc5 Qxd2 25. Rfd1 Qe2 26. Qxb4 Qxe3+ 27. Kg2
Rbc8 28. Re1 Bxc5 29. Rxe3 Bxb4 30. Rb1 Bxa5 31. Rxb7 Bd2 32. Re4 a5 33. Nc4
Bb4 34. Kf3 g6 35. Rb5 Rb8 36. Rd5 a4 37. Ne5 a3 38. Re2 Bc3 39. Nc4 Bb2 40.
Rd1 Rfc8 41. Nxb2 Rxb2 42. Rxb2 axb2 43. Rb1 Rc2 44. h3 Kf8 45. Ke4 Ke7 46. Kd3
Rh2 1/2-1/2

[Event "2010 US Am West"]
[Site "?"]
[Date "2010.05.31"]
[Round "5.28"]
[White "Ward, Kristen"]
[Black "Harris, Jennifer"]
[Result "1-0"]
[WhiteElo "1440"]
[BlackElo "1418"]
[PlyCount "61"]
[EventDate "2010.05.29"]
[SourceDate "2010.05.29"]

1. d4 c5 2. Nf3 d5 3. e3 c4 4. Be2 Nf6 5. c3 e6 6. Nbd2 Bd6 7. Qc2 Nc6 8. e4
Bf4 9. e5 Bxd2+ 10. Bxd2 Ne4 11. O-O g5 12. Be3 g4 13. Nd2 Nxd2 14. Qxd2 h5 15.
Bg5 Ne7 16. Bf6 Rh7 17. Qg5 Kd7 18. Bd1 Qf8 19. Ba4+ Nc6 20. Bc2 Qh6 21. Qg8 b6
22. Bxh7 Kc7 23. Qxf7+ Bd7 24. Bc2 Qd2 25. Qg6 b5 26. Bg5 Ne7 27. Bxe7 Qf4 28.
Bd6+ Kb7 29. a4 Rh8 30. Qg7 Rd8 31. axb5 1-0

[Event "2010 US Am West"]
[Site "?"]
[Date "2010.05.31"]
[Round "5.27"]
[White "Kuhnel, Martin"]
[Black "Broyles, James"]
[Result "1/2-1/2"]
[WhiteElo "1381"]
[BlackElo "1500"]
[PlyCount "92"]
[EventDate "2010.05.29"]
[SourceDate "2010.05.29"]

1. Nf3 Nf6 2. d4 d5 3. c4 c6 4. Nc3 e6 5. Bg5 Nbd7 6. e3 Bd6 7. Be2 O-O 8. O-O
dxc4 9. e4 Be7 10. Bxc4 h6 11. Bh4 Ne8 12. Bxe7 Qxe7 13. Re1 Nb6 14. Bb3 Qd6
15. Qc2 Qc7 16. Rad1 Nf6 17. Ne5 a6 18. Nc4 Rd8 19. Nxb6 Qxb6 20. d5 cxd5 21.
exd5 exd5 22. Bxd5 Bg4 23. Rd2 Rac8 24. Qa4 Be6 25. Bxe6 fxe6 26. Rxd8+ Rxd8
27. b3 Qd6 28. Qc4 Re8 29. h3 Kh8 30. Ne4 Nxe4 31. Qxe4 Qb6 32. Qf3 Kg8 33. Qe3
Qb4 34. Qe4 Qd2 35. Qe2 Qb4 36. Qe4 Qd2 37. Re2 Qd1+ 38. Kh2 Kf8 39. Qf3+ Kg8
40. Rxe6 Qxf3 41. Rxe8+ Kf7 42. gxf3 Kxe8 43. Kg3 Kf7 44. Kf4 Kf6 45. h4 g6 46.
a3 b6 1/2-1/2

[Event "2010 US Am West"]
[Site "?"]
[Date "2010.05.31"]
[Round "5.29"]
[White "Mulholland-London, Casper"]
[Black "McManus, Timothy"]
[Result "1-0"]
[WhiteElo "1439"]
[BlackElo "1375"]
[PlyCount "87"]
[EventDate "2010.05.29"]
[SourceDate "2010.05.29"]

1. d4 d5 2. c4 e6 3. Nf3 Nf6 4. g3 Nbd7 5. Bg2 Be7 6. O-O dxc4 7. Nbd2 Nb6 8.
Qc2 O-O 9. Nxc4 Nxc4 10. Qxc4 Rb8 11. Qc2 c6 12. e4 b6 13. Bf4 Ba6 14. Bxb8
Bxf1 15. Rxf1 Qxb8 16. e5 Nd5 17. Qxc6 Nb4 18. Qc4 Rc8 19. Qb3 g6 20. a3 Nd5
21. Nd2 Re8 22. Rc1 b5 23. Qd3 a5 24. Nb3 Qa7 25. Qxb5 Rb8 26. Qa4 Nb6 27. Qxa5
Qxa5 28. Nxa5 Bf8 29. b4 Bh6 30. f4 g5 31. Nc6 Rf8 32. Ne7+ Kh8 33. f5 g4 34.
Rf1 Be3+ 35. Kh1 Bxd4 36. fxe6 f6 37. exf6 Rxf6 38. Rxf6 Bxf6 39. Nd5 Nxd5 40.
Bxd5 Be7 41. b5 Bxa3 42. b6 Kg7 43. b7 Bd6 44. e7 1-0

[Event "2010 US Am West"]
[Site "?"]
[Date "2010.05.31"]
[Round "5.30"]
[White "Caid, James"]
[Black "Marstein, Daniel"]
[Result "1-0"]
[WhiteElo "1552"]
[BlackElo "1356"]
[Annotator "Farmer,Steve"]
[PlyCount "33"]
[EventDate "2010.05.29"]
[SourceDate "2010.05.29"]

1. Nf3 c5 2. c4 Nc6 3. g3 Nf6 4. Bg2 g6 5. b3 Bg7 6. Bb2 O-O 7. d3 d6 8. Nbd2
Bd7 9. O-O a6 10. d4 cxd4 11. Nxd4 Qc7 12. h3 Nxd4 13. Bxd4 Rfd8 14. Qc2 Rac8
15. Rad1 b5 16. Rfe1 e5 17. Bc3 {
The game score is illegible at this point, White went on to win at move 32.}
1-0

[Event "2010 US Am West"]
[Site "?"]
[Date "2010.05.31"]
[Round "5.36"]
[White "Aradhyula, Sumhith"]
[Black "Isoe, Kohta"]
[Result "1-0"]
[WhiteElo "1459"]
[BlackElo "1313"]
[PlyCount "53"]
[EventDate "2010.05.29"]
[SourceDate "2010.05.29"]

1. e4 c6 2. d4 d5 3. exd5 cxd5 4. Bd3 Nc6 5. c3 Nf6 6. Bf4 Bg4 7. Qb3 b6 8. Bb5
Rc8 9. Nd2 e6 10. Ba6 Ra8 11. Bb7 Na5 12. Qb5+ Nd7 13. Bxa8 Qxa8 14. Ngf3 Nc4
15. Nxc4 a6 16. Nxb6 axb5 17. Nxa8 Bxf3 18. gxf3 b4 19. Nc7+ Kd8 20. Nb5 bxc3
21. bxc3 f6 22. Bd6 e5 23. Bxf8 Rxf8 24. O-O exd4 25. Nxd4 Re8 26. Rfe1 Rxe1+
27. Rxe1 1-0

[Event "2010 US Am West"]
[Site "?"]
[Date "2010.05.31"]
[Round "5.54"]
[White "Reed, Austin"]
[Black "Gross, Matthew"]
[Result "1-0"]
[WhiteElo "875"]
[BlackElo "1110"]
[PlyCount "31"]
[EventDate "2010.05.29"]
[SourceDate "2010.05.29"]

1. e4 b6 2. d4 Bb7 3. Nc3 e6 4. Nf3 Bb4 5. Bd2 Bxc3 6. Bxc3 Bxe4 7. Bd3 Nf6 8.
Qe2 Bxd3 9. Qxd3 Nc6 10. O-O-O Nd5 11. Ne5 Nxc3 12. Qxc3 Nxe5 13. dxe5 Qg5+ 14.
Kb1 O-O-O 15. Qf3 Rhf8 16. Qa8# 1-0

[Event "2010 US Am West"]
[Site "?"]
[Date "2010.05.31"]
[Round "5.2"]
[White "Lebovitz, Andrew"]
[Black "Savine, Pavel"]
[Result "1-0"]
[WhiteElo "2061"]
[BlackElo "2012"]
[PlyCount "47"]
[EventDate "2010.05.29"]
[SourceDate "2010.05.29"]

1. c4 Nf6 2. g3 e5 3. Bg2 Nc6 4. Nc3 b6 5. Nf3 Ba6 6. d4 e4 7. Ne5 Bb4 8. Nxc6
dxc6 9. Qa4 Bxc3+ 10. bxc3 Bb7 11. Ba3 Qd7 12. Rb1 a5 13. O-O Ba6 14. f3 e3 15.
f4 b5 16. Qxa5 Bb7 17. Qb4 Ra4 18. Qxa4 bxa4 19. Rxb7 Qc8 20. Rfb1 Nd7 21. Bxc6
Kd8 22. R1b5 Nb6 23. Re5 Qa8 24. Rxb6 1-0

[Event "2010 US Am West"]
[Site "?"]
[Date "2010.05.31"]
[Round "6.2"]
[White "Kruml, Joseph"]
[Black "Motta, Paul"]
[Result "1-0"]
[WhiteElo "2170"]
[BlackElo "1909"]
[PlyCount "99"]
[EventDate "2010.05.29"]
[SourceDate "2010.05.29"]

1. Nf3 Nf6 2. b3 d6 3. d4 Bg4 4. Nbd2 e5 5. h3 Bxf3 6. Nxf3 e4 7. Ng1 d5 8. e3
h5 9. c4 c6 10. Ne2 Bd6 11. Bb2 Nbd7 12. Nc3 a6 13. c5 Bc7 14. Na4 Qe7 15. Qd2
g5 16. g3 h4 17. g4 Nh7 18. Bc3 Nhf8 19. Ba5 Ne6 20. Bxc7 Nxc7 21. Qa5 Ne6 22.
Be2 O-O 23. O-O-O Qd8 24. Qd2 Qc7 25. Kb1 Rae8 26. Rdf1 Nf6 27. Nc3 Qe7 28. f3
Rd8 29. fxe4 dxe4 30. Qc2 Ng7 31. Rf2 Nd5 32. Nxd5 cxd5 33. Qd2 f5 34. gxf5
Nxf5 35. Rc1 Ng3 36. Rxf8+ Rxf8 37. Bg4 Nf1 38. Qe1 Qf6 39. Bd7 Ng3 40. c6 bxc6
41. Bxc6 Qd8 42. Qb4 Nf5 43. Rc3 Ne7 44. Qb7 Qd6 45. Rc5 Rd8 46. Qxa6 g4 47.
hxg4 h3 48. Rc1 h2 49. Bb7 Qg3 50. Qe6+ 1-0

[Event "2010 US Am West"]
[Site "?"]
[Date "2010.05.31"]
[Round "6.14"]
[White "Day, Ted"]
[Black "Kestler, Ed"]
[Result "1-0"]
[WhiteElo "1445"]
[BlackElo "1542"]
[PlyCount "47"]
[EventDate "2010.05.29"]
[SourceDate "2010.05.29"]

1. d4 Nf6 2. Nc3 e6 3. e4 Bb4 4. e5 Nd5 5. Bd2 Nxc3 6. bxc3 Be7 7. Qg4 Bf8 8.
Bd3 d5 9. Nf3 h6 10. O-O c5 11. h4 Nc6 12. dxc5 Qc7 13. Bb5 Bd7 14. Bxc6 Bxc6
15. Nd4 Qxe5 16. Rfe1 Qf6 17. Nxe6 Be7 18. Nc7+ Kd8 19. Nxa8 Bxc5 20. Be3 Qxc3
21. Bxc5 Qxc5 22. Qxg7 Re8 23. Qxf7 Rf8 24. Qc7# 1-0

[Event "2010 US Am West"]
[Site "?"]
[Date "2010.05.31"]
[Round "6.5"]
[White "Thakur, Ashu"]
[Black "Katzel, Dan"]
[Result "1-0"]
[WhiteElo "1997"]
[BlackElo "1762"]
[PlyCount "61"]
[EventDate "2010.05.29"]
[SourceDate "2010.05.29"]

1. d4 Nf6 2. Nf3 d5 3. c4 e6 4. g3 Bb4+ 5. Bd2 Bxd2+ 6. Nbxd2 O-O 7. Qc2 Nbd7
8. Rc1 c6 9. Bg2 Qc7 10. O-O Re8 11. Rfe1 Rb8 12. b4 e5 13. cxd5 e4 14. Ng5 e3
15. fxe3 h6 16. dxc6 bxc6 17. Ngf3 Rxb4 18. e4 Ba6 19. e5 Nd5 20. Qxc6 Qxc6 21.
Rxc6 Bb7 22. Rcc1 f5 23. Rb1 Rxb1 24. Rxb1 Ba6 25. e4 Nc3 26. Re1 fxe4 27. Nxe4
Nxa2 28. Nd6 Rb8 29. Bh3 Nb6 30. Be6+ Kf8 31. Bxa2 1-0

[Event "2010 US Am West"]
[Site "?"]
[Date "2010.05.31"]
[Round "6.8"]
[White "Lebovitz, Laurence"]
[Black "Green, Thomas"]
[Result "0-1"]
[WhiteElo "1656"]
[BlackElo "1865"]
[Annotator "Farmer,Steve"]
[PlyCount "54"]
[EventDate "2010.05.29"]
[SourceDate "2010.05.29"]

1. f4 f5 2. e4 fxe4 3. d3 exd3 4. Bxd3 Nf6 5. Nf3 e6 6. O-O Bc5+ 7. Kh1 O-O 8.
Nc3 b6 9. Ng5 Bb7 10. Nce4 Nxe4 11. Nxe4 Be7 12. Bd2 Nc6 13. Qh5 Qe8 14. Qg4
Qg6 15. Ng5 Qh6 16. Nxh7 Rf5 17. Ng5 Raf8 18. Bxf5 Rxf5 19. c3 Bd6 20. Qh3 Qxh3
21. Nxh3 Rh5 22. Kg1 Ne7 23. Nf2 Rh6 24. g3 Nf5 25. Ng4 Bc5+ 26. Nf2 Nxg3 27.
hxg3 Rh1# 0-1

[Event "2010 US Am West"]
[Site "?"]
[Date "2010.05.31"]
[Round "6.6"]
[White "Wright, John"]
[Black "Orlowski, Jesse"]
[Result "1/2-1/2"]
[WhiteElo "1810"]
[BlackElo "1994"]
[Annotator "Farmer,Steve"]
[PlyCount "44"]
[EventDate "2010.05.29"]
[SourceDate "2010.05.29"]

1. Nf3 d5 2. g3 c5 3. Bg2 Nc6 4. d4 Bg4 5. c3 e6 6. O-O Nf6 7. Nbd2 Rc8 8. Qa4
Qc7 9. c4 Be7 10. cxd5 exd5 11. dxc5 Bxc5 12. Nb3 Bb6 13. Bf4 Qe7 14. Ne5 O-O
15. Nxg4 Nxg4 16. Bf3 Nf6 17. Bg5 Rfd8 18. Qh4 Rd6 19. Rac1 h6 20. Bxf6 Rxf6
21. Qh5 d4 22. Nc5 Rd8 {
Score incomplete, a draw was agreed in a few more moves.} 1/2-1/2

[Event "2010 US Am West"]
[Site "?"]
[Date "2010.05.31"]
[Round "6.15"]
[White "LaFornara, Joe"]
[Black "Hernandez, Jason"]
[Result "1-0"]
[WhiteElo "1842"]
[BlackElo "1632"]
[PlyCount "97"]
[EventDate "2010.05.29"]
[SourceDate "2010.05.29"]

1. d4 Nf6 2. Bg5 Ne4 3. Bf4 d5 4. f3 Nf6 5. Bg5 e6 6. e4 h6 7. Bxf6 Qxf6 8. e5
Qh4+ 9. g3 Qd8 10. Bd3 Bd7 11. f4 a6 12. a4 c5 13. c3 Qb6 14. Qd2 cxd4 15. cxd4
Qxd4 16. Nf3 Qb6 17. Nc3 Bc5 18. Ke2 Nc6 19. f5 Nd4+ 20. Nxd4 Bxd4 21. fxe6
Bxe6 22. a5 Bxc3 23. Qxc3 Bg4+ 24. Kf1 Bh3+ 25. Ke2 Qe6 26. Ra4 Rc8 27. Qd4 Bf5
28. Bxf5 Qxf5 29. Rd1 Rc2+ 30. Rd2 Rxd2+ 31. Kxd2 Qg5+ 32. Qf4 Qxf4+ 33. gxf4
Kd7 34. Rb4 Rb8 35. Rb6 Kc7 36. Kd3 Rd8 37. Kd4 Rd7 38. h4 Rd8 39. h5 Rd7 40.
f5 Re7 41. Kxd5 Rd7+ 42. Rd6 Rxd6+ 43. exd6+ Kd8 44. b4 Kd7 45. Kc5 Kd8 46. Kb6
Kc8 47. d7+ Kxd7 48. Kxb7 f6 49. Kxa6 1-0

[Event "2010 US Am West"]
[Site "?"]
[Date "2010.05.31"]
[Round "6.3"]
[White "Fenger, Peter"]
[Black "Eng, Randel"]
[Result "0-1"]
[WhiteElo "1891"]
[BlackElo "2089"]
[PlyCount "70"]
[EventDate "2010.05.29"]
[SourceDate "2010.05.29"]

1. d4 d5 2. c4 c6 3. Nc3 Nf6 4. Nf3 a6 5. cxd5 cxd5 6. Bf4 Nc6 7. e3 e6 8. Be2
Bb4 9. O-O O-O 10. h3 Bd7 11. Rc1 Rc8 12. a3 Bxc3 13. bxc3 b5 14. a4 Na5 15.
axb5 axb5 16. Nd2 Qb6 17. f3 Nc4 18. Nxc4 dxc4 19. e4 Rfd8 20. Rb1 Qa5 21. Qe1
Ra8 22. Bd6 Ne8 23. Bb4 Qc7 24. Ra1 Ra4 25. Rxa4 bxa4 26. f4 Ra8 27. Qc1 Nf6
28. Bf3 Bc6 29. Qc2 Qxf4 30. Qe2 Nxe4 31. Qxc4 Qe3+ 32. Kh2 Bd5 33. Qc7 Nd2 34.
Re1 Nxf3+ 35. gxf3 Qf2+ 0-1

[Event "2010 US Am West"]
[Site "?"]
[Date "2010.05.31"]
[Round "6.19"]
[White "Bommireddy, Sreekar"]
[Black "McGahee, Ben"]
[Result "0-1"]
[WhiteElo "1481"]
[BlackElo "1545"]
[Annotator "Farmer,Steve"]
[PlyCount "74"]
[EventDate "2010.05.29"]
[SourceDate "2010.05.29"]

1. e4 e6 2. d4 d5 3. exd5 exd5 4. Bd3 Nf6 5. Bf4 c5 6. c3 Nc6 7. Nf3 cxd4 8.
cxd4 Bb4+ 9. Nbd2 Qe7+ 10. Qe2 Qxe2+ 11. Bxe2 Ne4 12. Bb5 Bd7 13. Bxc6 Bxc6 14.
O-O Bxd2 15. Bxd2 Nxd2 16. Nxd2 O-O 17. Rfe1 Rfe8 18. Nb3 Kf8 19. Na5 Rac8 20.
Rxe8+ Kxe8 21. Kf1 Bb5+ 22. Ke1 Rc7 23. Kd2 b6 24. Nb3 Kd7 25. a4 Bc4 26. Ra3
Bxb3 27. Rxb3 Rc4 28. a5 Rxd4+ 29. Ke3 Re4+ 30. Kf3 Re6 31. Rd3 Kc6 32. axb6
axb6 33. Rc3+ Kb7 34. Rd3 Rd6 35. Rd4 Kc6 36. Rg4 Rf6+ 37. Ke3 g6 {
The score is inaccurate at this point. Black won around move 56.} 0-1

[Event "2010 US Am West"]
[Site "?"]
[Date "2010.05.31"]
[Round "6.11"]
[White "Boteo, Trujillo"]
[Black "Ostapuk, Steve"]
[Result "1-0"]
[WhiteElo "1765"]
[BlackElo "1594"]
[Annotator "Farmer,Steve"]
[PlyCount "68"]
[EventDate "2010.05.29"]
[SourceDate "2010.05.29"]

1. d4 d5 2. Bg5 Nf6 3. e3 Bf5 4. Bd3 Bxd3 5. Qxd3 c6 6. f4 e6 7. Nf3 Be7 8.
Nbd2 Nbd7 9. Ne5 Ne4 10. Bxe7 Qxe7 11. Nxe4 dxe4 12. Qxe4 Qb4+ 13. c3 Qb5 14.
Nxd7 Kxd7 15. O-O-O Rad8 16. g4 Kc8 17. h4 a5 18. Qc2 f5 19. c4 Qb6 20. gxf5
exf5 21. Qxf5+ Kb8 22. Rhg1 g6 23. Qe5+ Ka8 24. Rg5 Rhe8 25. Qxa5+ Qxa5 26.
Rxa5+ Kb8 27. Re5 Rf8 28. d5 Rf5 29. Rd4 cxd5 30. cxd5 Rc8+ 31. Kd2 b5 32. Rb4
Rc5 33. Re8+ Kb7 34. Re7+ Kc8 {
Score inaccurate. White went on to win at around move 56.} 1-0

[Event "2010 US Am West"]
[Site "?"]
[Date "2010.05.31"]
[Round "6.26"]
[White "Semmens, Jeff"]
[Black "Ward, Kristen"]
[Result "1-0"]
[WhiteElo "1590"]
[BlackElo "1440"]
[Annotator "Farmer,Steve"]
[PlyCount "52"]
[EventDate "2010.05.29"]
[SourceDate "2010.05.29"]

1. d4 Nf6 2. c4 g6 3. Nc3 d5 4. Bf4 Bg7 5. e3 O-O 6. Bd3 e6 7. Nf3 Nbd7 8. O-O
dxc4 9. Bxc4 c5 10. Nb5 Nb6 11. Be2 Nbd5 12. Bd6 Re8 13. dxc5 Ne4 14. Rb1 a6
15. Bd3 Nxc5 16. Bxc5 axb5 17. Bxb5 Bd7 18. Bxd7 Qxd7 19. a3 Qc6 20. Bd4 Nf6
21. Ne5 Qb5 22. Qd3 Qd5 23. Qc4 Red8 24. Qxd5 Nxd5 25. Rfd1 Rdc8 26. Nd3 Nf6 {
The score is inaccurate. White won on move 46.} 1-0

[Event "2010 US Am West"]
[Site "?"]
[Date "2010.05.31"]
[Round "6.28"]
[White "Eng, Rachel"]
[Black "Tan, Rex"]
[Result "0-1"]
[WhiteElo "1477"]
[BlackElo "1391"]
[PlyCount "72"]
[EventDate "2010.05.29"]
[SourceDate "2010.05.29"]

1. b4 c6 2. Bb2 Qb6 3. a3 a5 4. c3 Nf6 5. e3 g6 6. Qc2 Bg7 7. Nf3 d5 8. d4 O-O
9. Nbd2 Bf5 10. Qc1 Re8 11. Be2 Qc7 12. Ne5 Nbd7 13. Ndf3 Nxe5 14. Nxe5 Nd7 15.
Nf3 e5 16. dxe5 Nxe5 17. Qd2 Nxf3+ 18. Bxf3 axb4 19. cxb4 d4 20. Bxd4 Rad8 21.
O-O Qd7 22. Rad1 Be4 23. Bxe4 Rxe4 24. Qc2 Qe6 25. Bxg7 Rxd1 26. Rxd1 Kxg7 27.
Qc3+ Kh6 28. h3 Qa2 29. Qd3 Rc4 30. Qd8 Rc2 31. Qf8+ Kh5 32. g4+ Kg5 33. f4+
Kh4 34. Qe7+ Kg3 35. Qe4 Rg2+ 36. Qxg2+ Qxg2# 0-1